|
|
|
|
| LEADER |
00717cam a2200241ua 4500 |
| 008 |
060815t1998||||||||||| 001 ||eng c |
| 020 |
|
|
|a 019564317-8
|
| 041 |
0 |
|
|a eng
|
| 082 |
|
|
|a 333.7
|b GUH/V
|
| 100 |
|
|
|a Ramachandra guha,
|
| 245 |
0 |
0 |
|a Varieties of environmentalism: Essays north and south /
|
| 250 |
|
|
|a 1st ed.
|
| 260 |
|
|
|a Delhi:
|b OUP,
|c 1998.
|
| 300 |
|
|
|a xxii, 230p..
|
| 362 |
1 |
|
|a 1998.
|
| 365 |
|
|
|a Rs.395/-
|e hb
|
| 500 |
|
|
|a Includes notes, index.
|
| 650 |
|
|
|a Enviromental science
|
| 650 |
0 |
|
|a Ecology
|
| 700 |
0 |
2 |
|a Martinez-Alier, J
|
| 942 |
|
|
|c BK
|
| 999 |
|
|
|c 7775
|d 7775
|
| 952 |
|
|
|0 0
|1 0
|4 0
|6 333_700000000000000_GUH
|7 0
|9 8128
|a KUCL
|b KUCL
|d 2014-05-23
|l 0
|o 333.7 GUH/
|p 01030
|r 2014-05-23
|w 2014-05-23
|y BK
|